| 000 | 00567nam a22001817a 4500 | ||
|---|---|---|---|
| 999 |
_c124439 _d124439 |
||
| 005 | 20211025103858.0 | ||
| 008 | 211025b ||||| |||| 00| 0 eng d | ||
| 020 | _a9783030358754 | ||
| 040 | _cPK-LaUMT | ||
| 082 |
_a610.28 _bBIO- |
||
| 245 |
_aBio-materials and prototyping applications in medicine / _cedited by Paulo Jorghe bartolo and Bopaya Bidanda |
||
| 260 |
_aCham, Switzerland : _bSpringer, _c2021 |
||
| 300 | _a200 p. | ||
| 650 | _aBiomedical engineering | ||
| 650 | _aBiomedical engineering - Materials | ||
| 650 | _aTissue engineering | ||
| 942 | _cBK | ||